Informe anual Fundación Andes
Kaydedildi:
| Müşterek Yazar: | |
|---|---|
| Materyal Türü: | Kitap |
| Dil: | İspanyolca |
| Baskı/Yayın Bilgisi: |
Santiago
Fundación Andes
2005
|
| Konular: | |
| Etiketler: |
Etiketle
Etiket eklenmemiş, İlk siz ekleyin!
|
MARC
| LEADER | 00000nam a2200000 a 4500 | ||
|---|---|---|---|
| 001 | UCI1289 | ||
| 003 | CL-VaPUC | ||
| 008 | 070622e20050000CL |||||||||||||||||spa|d | ||
| 082 | 0 | 4 | |a 300 |b FUN |2 21 |
| 110 | 2 | |a Fundación Andes |e author |9 521713 | |
| 245 | 1 | 0 | |a Informe anual Fundación Andes |
| 300 | |a 50 p | ||
| 942 | |c BK | ||
| 945 | |d 20070622 00:00:00 |a castudil | ||
| 260 | |a Santiago |b Fundación Andes |c 2005 | ||
| 650 | 0 | |a Educación |9 258661 | |
| 650 | 0 | |a Ciencia |9 255691 | |
| 650 | 0 | |a Cultura |9 269059 | |
| 650 | 0 | |a Desarrollo social |9 264534 | |
| 650 | 0 | |a Proyectos |9 337967 | |
| 650 | 7 | |a PROGRAMAS |2 CL-VaPUC |9 350084 | |
| 583 | |a last modification |c 20070622 00:00:00 |k Rodrigo Vera | ||
| 999 | |c 326124 |d 326122 | ||
| 952 | |0 0 |1 0 |4 0 |6 300_000000000000000_FUN_2005 |7 0 |8 X |9 407859 |a FDOMLP |b FDOMLP |d 2019-11-22 |i 4242815 |o 300 FUN 2005 |p 4242815 |r 2019-11-22 |w 2019-11-22 |y BK_X |k BU2 | ||